000 00395nam a2200121Ia 4500
008 170221s9999 xx 000 0 und d
245 _aSERVICE QUALITY MEASUREMENT AND DEMAND FOR INSURANCE: AN EMPIRICAL STUDY FROM NIGERIAN INSURANCE INDUSTRY
260 _bManagement & Marketing
260 _cOctober 2013
300 _a2:3
650 _xMarketing.
856 _uhttp://www.mnmk.ro/en/nrcrt.php
999 _c310360
_d310360